000 00747nam a2200253Ia 4500
001 22448
005 20240114000640.0
007 ta
008 060317s1901 a g b000 u 465 u
040 _aCotton College,Assam
041 _a465
082 _a942.05
_bAr 24 Qu
100 _aArcher , Thomas .
245 0 _aQueen Victoria Her Life and Reign Vol.I /
_cThomas Archer and Amelia Hutchinson Stirling .
_hTextual Documents
250 _a1st ed. /
260 _aLondon :
_bThe Gresham Publishing Co. ,
_c1901.
300 _a267p. :
_bill ;
_c24cm .
653 _aBiography-Queen Victoria
653 _aMS-History
700 _aStirling[, Amelia Hutchinson .
942 _2ddc
_cBK
999 _c22430
_d22430